000 01148nam a2200337 i 4500
003 EG-GICUC
005 20260511131148.0
008 260511s1992 fr ||||fr|||| 00| 0 fre d
040 _aEG-GiCUC
_bfre
_cEG-GiCUC
_dEG-GiCUC
_eRda
082 0 4 _221
_a345.3231
_bMO . C
092 0 4 _221
099 _aLaw1 07 345.3231 MO . C 1992
100 1 _aMoulènes,Christine Bréchon
_eAuteur
245 _aLa Concession De Service Public Face Au Droit Communautaire/
_cChristine Bréchon-Moulènes.
264 1 _aParis:
_bÉditions Sirey,
_c1992.
300 _a126 page ;
_c 24 cm.
336 _2rda contenu
_a texte
337 _2rda medias
_aOrdinateur
338 _2 transporteur rda
_a Ressource en ligne
546 _aTexte en français
650 1 _aDroit Administratif
650 1 _aInstallation Administrative Générale
700 1 _aLlorens,François
_eAuteur
700 1 _aBazex,Michel
_eAuteur
700 1 _aGuisolphe,Ghyslaine
_eAuteur
700 1 _aAuby, Jean-Bernard
_eAuteur
700 1 _aDelvolvé,Pierre
_eAuteur
856 4 0 _uhttps://fll.law.cu.edu.eg/fulltext/bks/B07-05476.pdf
905 _a59
942 _2ddc
_n0
_cBK
_e21
999 _c76568
_d76568